Psicología de las organizaciones (Registro nro. 2456)

Detalles MARC
000 -LEADER
fixed length control field 01153 a2200229 4500
001 - CONTROL NUMBER
control field 34499
005 - DATE AND TIME OF LATEST TRANSACTION
control field 20260407155631.0
008 - FIXED-LENGTH DATA ELEMENTS--GENERAL INFORMATION
fixed length control field 260407a1977 arg spa d
003 - CONTROL NUMBER IDENTIFIER
control field AR-UNSa-BCEJYS
040 ## - CATALOGING SOURCE
Original cataloging agency AR-UNSa-BCEJYS
Language of cataloging spa
Transcribing agency AR-UNSa-BCEJYS
080 ## - UNIVERSAL DECIMAL CLASSIFICATION NUMBER
Universal Decimal Classification number 658.013
Common auxiliary subdivision Cuestiones psicológicas (Psicología de la organización)
100 1# - MAIN ENTRY--PERSONAL NAME
Personal name kolb, David A.
245 10 - TITLE STATEMENT
Title Psicología de las organizaciones
264 #1 - PRODUCTION, PUBLICATION, DISTRIBUTION, MANUFACTURE, AND COPYRIGHT NOTICE
Place of production, publication, distribution, manufacture Buenos Aires :
Name of producer, publisher, distributor, manufacturer Prentice Hall
Date of production, publication, distribution, manufacture, or copyright notice 1977
300 ## - PHYSICAL DESCRIPTION
Extent 282 p.
Dimensions 23 cm.
505 ## - FORMATTED CONTENTS NOTE
Formatted contents note 1. Socialización organizacional - 2. Aprendizaje y solución de problemas - 3. Tomas de decisiones en la organización - 4. Motivación y clima de las organizaciones - 5. Motivación de logro - 6. Toma de decisiones en grupos - 7. Percepción interpersonal - 8. Liderazgo - 9. Relaciones intergrupales - 10. Estructura y comunicación en la organización - 11. Desarrollo personal y de la carrera - 12. Ayuda y consulta - 13. Cambio planificado y desarrollo de la organización.
590 ## - LOCAL NOTE (RLIN)
Local note niveau_biblio:m niveau_hierar:0
700 1# - ADDED ENTRY--PERSONAL NAME
Personal name Rubin, Irwin M.
700 1# - ADDED ENTRY--PERSONAL NAME
Personal name Brignardello, Luisa Amelia
700 1# - ADDED ENTRY--PERSONAL NAME
Personal name McIntyre, James M.
942 ## - ADDED ENTRY ELEMENTS (KOHA)
Koha item type
Existencias
Withdrawn status Lost status Damaged status Not for loan Home library Current library Shelving location Date acquired Total checkouts Full call number Barcode Date last seen Price effective from Koha item type
        Biblioteca Prof. Eusebio Cleto del Rey Biblioteca Prof. Eusebio Cleto del Rey   07/04/2026   658.013 K81 L65386 07/04/2026 07/04/2026 Libro
        Biblioteca Prof. Eusebio Cleto del Rey Biblioteca Prof. Eusebio Cleto del Rey   07/04/2026   658.013 K81 L87153 07/04/2026 07/04/2026 Libro
        Biblioteca Prof. Eusebio Cleto del Rey Biblioteca Prof. Eusebio Cleto del Rey   07/04/2026   658.013 K81 L87319 07/04/2026 07/04/2026 Libro
        Biblioteca Prof. Eusebio Cleto del Rey Biblioteca Prof. Eusebio Cleto del Rey   07/04/2026   658.013 K81 L65385 07/04/2026 07/04/2026 Libro